| 000 | 00780 a2200193 4500 | ||
|---|---|---|---|
| 020 | _a038794771X | ||
| 040 |
_aDLC _bDLC |
||
| 082 | 0 | 0 |
_a510 s _a515/.353 |
| 100 | 1 | _aWu, Jianhong. | |
| 245 | 1 | 0 |
_aTheory and applications of partial functional differential equations _cJianhong Wu. |
| 260 |
_aNew York : _bSpringer, _cc1996. |
||
| 300 |
_ax, 429 p. : _bill. ; _c24 cm. |
||
| 490 | 1 |
_aApplied mathematical sciences ; _v119 |
|
| 650 | 0 | _aFunctional differential equations. | |
| 830 | 0 | _aApplied mathematical sciences (Springer-Verlag New York Inc.) ; | |
| 856 | 4 | 2 |
_3Publisher description _uhttp://www.loc.gov/catdir/enhancements/fy0815/96014763-d.html |
| 856 | 4 | 2 |
_3Table of contents only _uhttp://www.loc.gov/catdir/enhancements/fy0815/96014763-t.html |
| 942 |
_cBK _k515.353 WUJ _2ddc |
||
| 999 |
_c7769 _d7769 |
||